Statistiken für Abkürzungen Quiz

Klicken Sie hier um das Quiz zu spielen!

Allgemein

  • Dieses Quiz wurde 360 mal gespielt
  • Das Durchschnittsergebnis liegt bei 11 aus 23

Antwortstatistiken

AbkürzungBedeutung% Korrekt
StVOStraßenverkehrsordnung
78%
CDUChristlich Demokratische Union
77%
ZDFZweites Deutsches Fernsehen
76%
PCPersonal Computer
72%
WDRWestdeutscher Rundfunk
70%
GmbHGesellschaft mit beschränkter Haftung
69%
AGBAllgemeine Geschäftsbedingungen
67%
DRKDeutsches Rotes Kreuz
63%
MHzMegahertz
58%
MEZMitteleuropäische Zeit
58%
BGBBürgerliches Gesetzbuch
48%
DLRGDeutsche Lebens-Rettungs-Gesellschaft
44%
BLZBankleitzahl
43%
dpaDeutsche Presse-Agentur
41%
ADACAllgemeiner Deutscher Automobil-Club
33%
CDcompact disc
33%
SMSShort message service
31%
TÜVTechnischer Überwachungsverein
26%
VfLVerein für Leibesübungen
26%
MMAMixed Martial Arts
24%
IBANInternational Bank Account Number
11%
DINDeutsches Institut für Normung
9%
ver.diVereinte Dienstleistungsgewerkschaft
2%

Verteilung der Resultate

Perzentil nach korrekt beantworteten Fragen

Anzahl Personen mit jedem Resultat

Ihre Resultats-Entwicklung

Sie haben dieses Quiz noch nicht gespielt